000 00502nam a22001697a 4500
999 _c41316
_d41316
003 OSt
005 20210428110151.0
008 210428b ||||| |||| 00| 0 eng d
020 _a9788182718187
040 _coclc
082 _a230
_bHUS/T
100 _98590
_aHussain, E M Sakkeer
245 _aThithe Malkoothak Ninte Rajyam Varename/
_cE M Sakkeer Hussain
260 _aCalicut:
_bDialofue Centre,
_c2019.
300 _a84 pages
942 _2ddc
_cBK
_h230
_iHUS/T
_k230
_mHUS/T